| 000 | 01003nam a22001697a 4500 | ||
|---|---|---|---|
| 005 | 20260123084534.0 | ||
| 008 | 230718b ||||| |||| 00| 0 eng d | ||
| 040 |
_cSSBUL _dSSBUL |
||
| 082 |
_223 _a၃၉၀.၀၉၅၉၁ တိုင်း ၁၆၀၈၄ (S-SAT) |
||
| 245 | 0 | 0 | _aတိုင်းရင်းသားယဉ်ကျေးမှု ရိုးရာဓလေ့ထုံးစံများ / |
| 260 |
_aရန်ကုန်၊ _bမြန်မာ့ဆိုရှယ်လစ် လမ်းစဉ်ပါတီ၊ _c၁၉၆၈။ |
||
| 300 |
_a၃၄၉ စာမျက်နှာ၊ _bဓာတ်ပုံများ၊ _c၂၁ စင်တီ။ |
||
| 500 | _aS-SAT: Dr. Prof Sai Aung Tun | ||
| 650 |
_aရှမ်းတိုင်းရင်းသား _vလူနေမှုဘဝနှင့် ဓလေ့ထုံးစံ။ _928094 |
||
| 650 |
_aယဉ်ကျေးမှုနှင့် ဓလေ့ထုံးစံ။ _927971 |
||
| 942 |
_2ddc _cBK1 |
||
| 999 |
_c27285 _d27285 |
||